CORPORATE GOVERNANCE IN INDIA AN EVALUATION (Record no. 216347)

MARC details
000 -LEADER
fixed length control field 00503nam a22001817a 4500
008 - FIXED-LENGTH DATA ELEMENTS--GENERAL INFORMATION
fixed length control field 251209b |||||||| |||| 00| 0 eng d
020 ## - INTERNATIONAL STANDARD BOOK NUMBER
International Standard Book Number 978-93-5443-832-5
050 ## - LIBRARY OF CONGRESS CALL NUMBER
Classification number HD 2741.D37 2025
100 ## - MAIN ENTRY--PERSONAL NAME
Personal name DAS SUBHASH CHANDRA
245 ## - TITLE STATEMENT
Title CORPORATE GOVERNANCE IN INDIA AN EVALUATION
250 ## - EDITION STATEMENT
Edition statement 6th
260 ## - PUBLICATION, DISTRIBUTION, ETC.
Place of publication, distribution, etc. INDIA
Name of publisher, distributor, etc. PHI LEARNING PRIVATE LIMITED
Date of publication, distribution, etc. 2025
300 ## - PHYSICAL DESCRIPTION
Extent X,452
500 ## - GENERAL NOTE
General note INCLUDES AN INDEX
650 ## - SUBJECT ADDED ENTRY
Topical term or geographic name entry element Corporate governance india
942 ## - ADDED ENTRY ELEMENTS (KOHA)
Source of classification or shelving scheme Library of Congress Classification
Koha item type Long Loan Book
Holdings
Withdrawn status Lost status Source of classification or shelving scheme Damaged status Not for loan Collection Home library Current library Shelving location Date acquired Inventory number Total checkouts Full call number Barcode Date last seen Date last checked out Copy number Price effective from Koha item type
    Library of Congress Classification     Business & Economics Kisii University Library Kisii University Library On Display 12/09/2025 110561 1 HD 2741.D37 2025 000000018095 02/19/2026 02/10/2026 C.1 12/09/2025 Long Loan Book
    Library of Congress Classification     Business & Economics Kisii University Library Kisii University Library On Display 12/09/2025 110562   HD 2741.D37 2025 000000018094 12/09/2025   C.2 12/09/2025 Long Loan Book
    Library of Congress Classification     Business & Economics Kisii University Library Kisii University Library On Display 12/09/2025 110563   HD 2741.D37 2025 000000018093 12/09/2025   C.3 12/09/2025 Long Loan Book
    Library of Congress Classification     Business & Economics Kisii University Library Kisii University Library On Display 12/09/2025 110564   HD 2741.D37 2025 000000018603 12/09/2025   C.4 12/09/2025 Long Loan Book
    Library of Congress Classification     Business & Economics Kisii University Library Kisii University Library On Display 12/09/2025 110565   HD 2741.D37 2025 000000018604 12/09/2025   C.5 12/09/2025 Long Loan Book
    Library of Congress Classification     Business & Economics Kisii University Library Kisii University Library On Display 12/09/2025 110566   HD 2741.D37 2025 000000018605 12/09/2025   C.6 12/09/2025 Long Loan Book
    Library of Congress Classification     Business & Economics Kisii University Library Kisii University Library On Display 12/09/2025 110567   HD 2741.D37 2025 000000018606 12/09/2025   C.7 12/09/2025 Long Loan Book
    Library of Congress Classification     Business & Economics Kisii University Library Kisii University Library On Display 12/09/2025 110568   HD 2741.D37 2025 000000018607 12/09/2025   C.8 12/09/2025 Long Loan Book